Finland; (Record no. 185521)
[ view plain ]
| 000 -LEADER | |
|---|---|
| fixed length control field | 00744 a2200193 4500 |
| 003 - CONTROL NUMBER IDENTIFIER | |
| control field | Nust |
| 005 - DATE AND TIME OF LATEST TRANSACTION | |
| control field | 20221229121823.0 |
| 010 ## - LIBRARY OF CONGRESS CONTROL NUMBER | |
| LC control number | 40033918 |
| 040 ## - CATALOGING SOURCE | |
| Transcribing agency | Nust |
| 082 ## - DEWEY DECIMAL CLASSIFICATION NUMBER | |
| Classification number | 355.02,LAN |
| 100 ## - MAIN ENTRY--PERSONAL NAME | |
| Personal name | Langdon-Davies, John, |
| 9 (RLIN) | 49066 |
| 245 ## - TITLE STATEMENT | |
| Title | Finland; |
| Remainder of title | the first total war / |
| Statement of responsibility, etc. | John Langdon-Davies |
| 260 ## - PUBLICATION, DISTRIBUTION, ETC. | |
| Place of publication, distribution, etc. | G. Routledge |
| Name of publisher, distributor, etc. | London, |
| Date of publication, distribution, etc. | 1940 |
| 300 ## - PHYSICAL DESCRIPTION | |
| Extent | ix, 202 p |
| Other physical details | front. |
| Dimensions | illus. (incl. maps) plates |
| Accompanying material | diagrs |
| Type of unit | 21 cm |
| 505 ## - FORMATTED CONTENTS NOTE | |
| Formatted contents note | Finnish Guerrilla (Page-1), The War on the Isthmus (Page-73), The against Civilians (Page-130), Subjective (Page-130), Objective (Page-145), Whence Came Finnish Moracle (Page-162). |
| 600 ## - SUBJECT ADDED ENTRY--PERSONAL NAME | |
| Personal name | Langdon-Davies, John, |
| 9 (RLIN) | 49066 |
| 650 ## - SUBJECT ADDED ENTRY--TOPICAL TERM | |
| Topical term or geographic name entry element | Finland; the first total war |
| 9 (RLIN) | 106342 |
| 942 ## - ADDED ENTRY ELEMENTS (KOHA) | |
| Source of classification or shelving scheme | |
| Koha item type | Book |
| Call number prefix | 355.02,LAN |
| Withdrawn status | Lost status | Source of classification or shelving scheme | Damaged status | Not for loan | Permanent Location | Current Location | Shelving location | Date acquired | Full call number | Barcode | Date last seen | Price effective from | Koha item type | Public note |
|---|---|---|---|---|---|---|---|---|---|---|---|---|---|---|
| Military College of Signals (MCS) | Military College of Signals (MCS) | General Stacks | 12/12/2016 | 355.02,LAN | MCS21748 | 12/08/2016 | 12/12/2016 | Book | Almirah No.52, Shelf No.2 | |||||
| Military College of Signals (MCS) | Military College of Signals (MCS) | General Stacks | 12/12/2016 | 355.02,LAN | MCS21765 | 12/08/2016 | 12/12/2016 | Book | Almirah No.52, Shelf No.2 |
